00881 2200277 4500001002100000005001500021035002000036007000300056008004100059020002200100082001100122084001700133100003200150245019200182250001000374260003300384300003900417650001600456700002600472700002500498700002200523700002000545700001600565990001100581990001100592INLIS00000000000347520190522102406 a0010-0519000067ta190522 g 0 ind  a978-602-7637-29-0 a297.14 a297.14 ABU m0 aABU, Bakar Jabir Al-Jazairi1 aMinhajul Muslim :bPedoman Hidup Seorang Muslim /cAbu Bakar Jabir Al-Jazairi; alih bahasa, Ikhwanuddin Abdullah, Taufiq Aulia Rahman; editor, Ahmad Ihsanuddin, Firman Arifian, Yasir Amri acet.3 aJakarta :bUmmul Qura,c2016 axxii, 1032 hlm. :bilus. ;c25 cm. 4aFIKIH.ISLAM0 aIKHWANUDDIN, Abdullah0 aTAUFIQ, Aulia Rahman0 aAHMAD, Ihsanuddin0 aFIRMAN, Arifian0 aYASIR, Amri a6778 a a6778 b